LEADER 01462nam a2200349 a 4500 001 000000127387 003 CaOOAMICUS 005 20150622165048.0 008 120130s2011 it u000 u ita r 040 $aPUL$bita 041 1 $aita$hger 082 04$a150 100 1 $aFreud, Sigmund,$d1856-1939.$0(OLS)http://pul/name/1881 245 13$aLa psicoanalisi /$cSigmund Freud ; traduzioni di Celso Balducci, Irene Castiglia e Aldo Durante. 260 $aMilano :$bIl Sole 24 ore,$cİ2011$aRoma :$bNewton Compton Editori 300 $a382 p. ;$c22 cm 490 1 $aTutto Freud ;$v7 500 $aEd. speciale per Il Sole 24 Ore. 500 $aSul front.: Edizioni integrali. 650 4$aPsicanalisi$xStudi.$0(OLS)http://pul/subject/12450 700 1 $aBalducci, Celso.$0(OLS)http://pul/name/81251 700 1 $aCastiglia, Irene.$0(OLS)http://pul/name/81250 700 1 $aDurante, Aldo.$0(OLS)http://pul/name/81252 830 0$aTutto Freud ;$v7.$0(OLS)http://pul/title/160403 850 $aPUL 852 $aPUL$W1$xDP2 Filosofia 3$y112$m150 COLL 5.7$j147371$qDDC 21$B146005$CPULBib$Z2$F146005 $H118567 $82 941 1 $a9 996 $6082$a150$9(OLS)http://pul/classification/361 996 $6245$aLa psicoanalisi$9(OLS)http://pul/title/87059 996 $6260$aMilano :$bIl Sole 24 ore$9(OLS)http://pul/publisher/69212 996 $6260$aRoma :$bNewton Compton Editori$9(OLS)http://pul/publisher/68839 LEADER 01102nam a2200253 u 4500 001 000000106759 003 CaOOAMICUS 005 20070907102131.0 008 070906s1991 it u000 u ita u 040 $aPUL$bita$dPG 100 1 $aCorsani, Bruno.$0(OLS)http://pul/name/12374 245 10$aIntroduzione al Nuovo Testamento /$cBruno Corsani. 250 $a2 ed. interamente elaborata e aggior. 260 $aTorino :$bClaudiana,$c1991. 300 $a2 v. :$bill. ;$c24 cm. 504 $aInclude bibliografie. 505 0 $a1. Vangeli e Atti.-- 2. Le epistole e l'Apocalisse. 630 04$aBiblia.$pN.T.$0(OLS)http://pul/subject/1630 850 $aPUL 852 $aPUL$W1$xSL Religione 1$y3$m1(7) E 45$j120762$av.1$qStampati$B119965$CPULBib$Z2$F119965 $H77922 $82 852 $aPUL$W1$xSL Religione 1$y3$m1(7) E 46$j120768$av.2$qStampati$B119971$CPULBib$Z2$F119971 $H77923 $82 941 1 $a8 996 $6245$aIntroduzione al Nuovo Testamento$9(OLS)http://pul/title/21942 996 $6260$aTorino :$bClaudiana$9(OLS)http://pul/publisher/48072